[Event "Budapest SixDays 09 GM-B"]
[Site "Budapest"]
[Date "2023.09.21"]
[Round "6"]
[White "Lee, Jun Hyeok"]
[Black "Siddharth, Jagadeesh"]
[Result "1/2-1/2"]
[WhiteElo "2379"]
[BlackElo "2391"]
[PlyCount "40"]
[EventDate "2023.09.18"]
[EventType "tourn"]
[EventRounds "9"]
[EventCountry "HUN"]
[EventCategory "6"]
[SourceTitle "EXT 2024"]
[Source "ChessBase"]
[SourceDate "2023.10.10"]
[SourceVersion "1"]
[SourceVersionDate "2023.10.10"]
[SourceQuality "1"]

1. e4 c5 2. Nf3 d6 3. d4 cxd4 4. Nxd4 Nf6 5. Nc3 Nc6 6. Bg5 e6 7. Qd2 a6 8. 0-0-0 Bd7 9. Kb1 Nxd4 10. Qxd4 Be7 11. f4 Bc6 12. Bc4 Qa5 13. e5 dxe5 14. fxe5 Rd8 15. Qf4 Rxd1+ 16. Rxd1 Nd7 17. Bxe7 Kxe7 18. Qh4+ Ke8 19. Ne4 Bxe4 20. Qxe4 Qc7 1/2-1/2

[Event "Budapest SixDays 09 GM-B"]
[Site "Budapest"]
[Date "2023.09.20"]
[Round "5"]
[White "Siddharth, Jagadeesh"]
[Black "Xiao, Tong"]
[Result "1/2-1/2"]
[WhiteElo "2391"]
[BlackElo "2452"]
[PlyCount "31"]
[EventDate "2023.09.18"]
[EventType "tourn"]
[EventRounds "9"]
[EventCountry "HUN"]
[EventCategory "6"]
[SourceTitle "EXT 2024"]
[Source "ChessBase"]
[SourceDate "2023.10.10"]
[SourceVersion "1"]
[SourceVersionDate "2023.10.10"]
[SourceQuality "1"]

1. e4 c5 2. Nf3 d6 3. Bb5+ Bd7 4. Bxd7+ Qxd7 5. 0-0 Nc6 6. c3 d5 7. exd5 Qxd5 8. d4 e6 9. Be3 cxd4 10. Nxd4 Nf6 11. Qa4 Be7 12. Nxc6 Qxc6 13. Qxc6+ bxc6 14. Nd2 0-0 15. Nc4 Nd5 16. Rfd1 1/2-1/2

[Event "Budapest SixDays 09 GM-B"]
[Site "Budapest"]
[Date "2023.09.19"]
[Round "3"]
[White "Siddharth, Jagadeesh"]
[Black "Varga, Zoltan"]
[Result "1-0"]
[WhiteElo "2391"]
[BlackElo "2368"]
[PlyCount "47"]
[EventDate "2023.09.18"]
[EventType "tourn"]
[EventRounds "9"]
[EventCountry "HUN"]
[EventCategory "6"]
[SourceTitle "EXT 2024"]
[Source "ChessBase"]
[SourceDate "2023.10.10"]
[SourceVersion "1"]
[SourceVersionDate "2023.10.10"]
[SourceQuality "1"]

1. e4 d5 2. exd5 Qxd5 3. Nc3 Qd6 4. d4 Nf6 5. Nf3 Bg4 6. h3 Bh5 7. g4 Bg6 8. Ne5 Nbd7 9. Nxg6 hxg6 10. Bg2 c6 11. g5 Nd5 12. 0-0 Nf4 13. Ne4 Qc7 14. Bxf4 Qxf4 15. d5 c5 16. c4 f5 17. gxf6 exf6 18. Re1 0-0-0 19. d6 f5 20. Qd5 Qe5 21. Qxe5 Nxe5 22. Nxc5 Nc6 23. d7+ Kb8 24. Nxb7 1-0

[Event "Budapest SixDays 09 GM-B"]
[Site "Budapest"]
[Date "2023.09.18"]
[Round "1"]
[White "Siddharth, Jagadeesh"]
[Black "Fodor, Tamas Jr"]
[Result "1/2-1/2"]
[WhiteElo "2391"]
[BlackElo "2493"]
[PlyCount "142"]
[EventDate "2023.09.18"]
[EventType "tourn"]
[EventRounds "9"]
[EventCountry "HUN"]
[EventCategory "6"]
[SourceTitle "EXT 2024"]
[Source "ChessBase"]
[SourceDate "2023.10.10"]
[SourceVersion "1"]
[SourceVersionDate "2023.10.10"]
[SourceQuality "1"]

1. e4 e5 2. Nf3 Nc6 3. Nc3 Nf6 4. Bb5 d6 5. d4 exd4 6. Nxd4 Bd7 7. Bxc6 bxc6 8. Qf3 c5 9. Nf5 Bxf5 10. exf5 Rb8 11. b3 Be7 12. Bb2 d5 13. 0-0 0-0 14. Rad1 c6 15. Na4 c4 16. Be5 Bd6 17. Bd4 cxb3 18. cxb3 Rb7 19. Rc1 Rc7 20. Rfe1 h6 21. Nc5 Bxc5 22. Bxc5 Re8 23. Rxe8+ Qxe8 24. Qg3 Rc8 25. Bxa7 Qe4 26. Be3 Kh7 27. Qf4 Qd3 28. h3 Ne4 29. Qe5 c5 30. f6 Nxf6 31. Bxc5 Kg8 32. Qe3 Qa6 33. Bd4 Re8 34. Qg3 Re4 35. Qb8+ Kh7 36. Qb6 Qxa2 37. Bxf6 Re6 38. Rc6 Rxf6 39. Rxf6 Qa1+ 40. Kh2 gxf6 41. Qc7 Kg7 42. Qg3+ Kh8 43. Qd6 Qd4 44. b4 Qb2 45. Qf8+ Kh7 46. Qxf7+ Kh8 47. Qe8+ Kg7 48. Qd7+ Kf8 49. Qd8+ Kg7 50. Qe7+ Kg6 51. Qe8+ Kg7 52. b5 d4 53. Qe7+ Kg6 54. Qe8+ Kg7 55. f4 Qb4 56. Qd7+ Kg6 57. Qd5 h5 58. h4 Kh6 59. Qe6 Kg7 60. b6 d3 61. Qd7+ Kh6 62. Qxd3 Qxb6 63. Qg3 Qe6 64. Qf3 Qe1 65. Qg3 Qe4 66. Qf2 Kg6 67. Kg3 Kf5 68. Qd2 Kg6 69. Kf2 Kf5 70. g3 Kg4 71. Qd1+ Kh3 1/2-1/2